00557nam a22001697a 4500003000800000008004100008037002000049040003500069041000800104080001000112100002600122245007700148260008200225300001900307650003900326655002200365BI-BuBU260623b2026 bd fr|||| 000 0 fre d bDon de l'auteur aBI-BuBUbfrecBI-BuBUdBI-BuBU0 afre a312.61 4aut.aNiyukuri, David10aStatistique génétique bVolume horaires : 45 heures cDavid Niyukuri aBujumburabUniversité du Burundi, Institut de Statiqtique Appliquéec2026 a103 f.c30 cm. 72BI-BuBUaStatistique génétique 72BI-BuBUaSyllabus